000 00652nam a2200217Ia 4500
005 20241129111206.0
008 241129s9999||||xx |||||||||||||| ||und||
020 _a978-1-350-24613-3
037 _aTB
040 _aCRL
_beng
_cCRL
041 _aeng
_2eng
084 _aQ4596:(R) R2
_qCRL
100 _aO' Muireartaigh Rossa Au.
_9723589
245 0 _aZen buddhist philosophy of D.T. Suzuki: strength,foibles,intrigues and precision
_cO' Muireartaigh Rossa Au.
260 _aLondon, UK
_bBloomsbury
_c2022
300 _a177p.
365 _aUKP
_b16.99
650 _aReligion
942 _cTB
_hQ4596:(R) R2
999 _c1229329
_d1229329